| 000 | 00740nam a2200253Ia 4500 | ||
|---|---|---|---|
| 003 | OSt | ||
| 005 | 20220927105207.0 | ||
| 006 | a|||||r|||| 00| 0 | ||
| 007 | ta | ||
| 008 | 220926b |||||||| |||| 00| 0 eng d | ||
| 024 | _a159416 | ||
| 037 | _cReference Collections | ||
| 040 |
_aRTL _cRTL _beng |
||
| 041 |
_2eng _aeng |
||
| 082 | _a"X71 m235, N20. N6, K4" | ||
| 110 |
_aMAHARASHTRA (Government of-) _9370784 |
||
| 245 | 0 | _aCivil budget estimates | |
| 260 |
_aBombay _bGovernment of Maharashtra _c1964 |
||
| 300 |
_a499p _ccm. |
||
| 500 | _aAppendices : 468-499p | ||
| 700 |
_aMAHARASHTRA (Government of-) _9370785 |
||
| 942 |
_h"X71 m235, N20. N6, K4" _cCC |
||
| 999 |
_c691083 _d691083 |
||